Jinnah of Pakistan (Record no. 314105)

000 -LEADER
fixed length control field 00300 a2200133 4500
001 - CONTROL NUMBER
control field 79032
082 ## - DEWEY DECIMAL CLASSIFICATION NUMBER
Classification number 923.15491 WOL
090 ## - LOCALLY ASSIGNED LC-TYPE CALL NUMBER (OCLC); LOCAL CALL NUMBER (RLIN)
-- 39526
-- 39526
100 ## - MAIN ENTRY--PERSONAL NAME
Personal name Walpert, S
245 ## - TITLE STATEMENT
Title Jinnah of Pakistan
Medium English
260 ## - PUBLICATION, DISTRIBUTION, ETC.
Name of publisher, distributor, etc. PAF Book Club
500 ## - GENERAL NOTE
General note General Books
505 ## - FORMATTED CONTENTS NOTE
Formatted contents note AHQ Books
942 ## - ADDED ENTRY ELEMENTS (KOHA)
Institution code [OBSOLETE] CAE NUST
Call number prefix 923.15491 WOL
Holdings
Withdrawn status Lost status Damaged status Not for loan Collection code Permanent Location Current Location Date acquired Total Checkouts Full call number Barcode Date last seen Price effective from Koha item type
          College of Aeronautical Engineering (CAE) College of Aeronautical Engineering (CAE) 04/03/2017   923.15491 WOL CAE68983 04/05/2017 04/05/2017 Book
© 2023 Central Library, National University of Sciences and Technology. All Rights Reserved.